The developmental course of community service across the transition to adulthood in a national U.S. sample

Guardado en:  
Detalles Bibliográficos
Autores principales: Wray-Lake, Laura (Autor) ; Shubert, Jennifer (Autor) ; Keyes, Katherine M. (Autor) ; Schulenberg, John E. -2023 (Autor)
Tipo de documento: Electrónico Artículo
Lenguaje:Inglés
Publicado: 2017
En: Developmental psychology
Año: 2017, Volumen: 53, Número: 12, Páginas: 2397-2408
Acceso en línea: Volltext (kostenfrei)
Verificar disponibilidad: HBZ Gateway

MARC

LEADER 00000caa a22000002c 4500
001 1912511665
003 DE-627
005 20250115054942.0
007 cr uuu---uuuuu
008 241217s2017 xx |||||o 00| ||eng c
024 7 |a 10.1037/dev0000377  |2 doi 
035 |a (DE-627)1912511665 
035 |a (DE-599)KXP1912511665 
040 |a DE-627  |b ger  |c DE-627  |e rda 
041 |a eng 
084 |a 2,1  |2 ssgn 
100 1 |a Wray-Lake, Laura  |e VerfasserIn  |4 aut 
245 1 4 |a The developmental course of community service across the transition to adulthood in a national U.S. sample 
264 1 |c 2017 
336 |a Text  |b txt  |2 rdacontent 
337 |a Computermedien  |b c  |2 rdamedia 
338 |a Online-Ressource  |b cr  |2 rdacarrier 
700 1 |a Shubert, Jennifer  |e VerfasserIn  |4 aut 
700 1 |a Keyes, Katherine M.  |e VerfasserIn  |4 aut 
700 1 |a Schulenberg, John E.  |d -2023  |e VerfasserIn  |0 (DE-588)1287847633  |0 (DE-627)1844501159  |4 aut 
773 0 8 |i Enthalten in  |t Developmental psychology  |d Arlington, Va. [u.a.] : American Psychological Association, 1969  |g 53(2017), 12, Seite 2397-2408  |h Online-Ressource  |w (DE-627)34087791X  |w (DE-600)2066223-3  |w (DE-576)251938360  |x 1939-0599  |7 nnas 
773 1 8 |g volume:53  |g year:2017  |g number:12  |g pages:2397-2408 
787 0 8 |i Forschungsdaten  |a Schulenberg, John E.  |t Monitoring the Future: Restricted-Use Panel Data, United States, 1976-2019  |d [Erscheinungsort nicht ermittelbar] : [Verlag nicht ermittelbar], 2018  |w (DE-627)1840037296 
856 4 0 |u https://doi.org/10.1037/dev0000377  |x Resolving-System  |z kostenfrei  |3 Volltext  |7 0 
935 |a mkri 
951 |a AR 
ELC |a 1 
LOK |0 000 xxxxxcx a22 zn 4500 
LOK |0 001 4637477166 
LOK |0 003 DE-627 
LOK |0 004 1912511665 
LOK |0 005 20241217044322 
LOK |0 008 241217||||||||||||||||ger||||||| 
LOK |0 035   |a (DE-2619)ICPSR155473 
LOK |0 040   |a DE-2619  |c DE-627  |d DE-2619 
LOK |0 092   |o n 
LOK |0 852   |a DE-2619 
LOK |0 852 1  |9 00 
LOK |0 935   |a nacp 
LOK |0 939   |a 17-12-24  |b l01 
OAS |a 1 
ORI |a SA-MARC-krimdoka001.raw